|
|
|
|
| LEADER |
00000nam0a2200000 4500 |
| 001 |
117111 |
| 005 |
20231101215357.0 |
| 035 |
|
|
|a (RuTPU)RU\TPU\book\126743
|
| 090 |
|
|
|a 117111
|
| 100 |
|
|
|a 20070530d1976 m y0rusy50 ca
|
| 101 |
0 |
|
|a rus
|
| 102 |
|
|
|a RU
|
| 105 |
|
|
|a a j 001zy
|
| 200 |
1 |
|
|a Канализационные сети
|e учебное пособие для вузов
|f Б. О. Ботук, Н. Ф. Фёдоров
|
| 205 |
|
|
|a 2-е изд., перераб. и доп.
|
| 210 |
|
|
|a Москва
|c Стройиздат
|d 1976
|
| 215 |
|
|
|a 272 с.
|c ил.
|
| 320 |
|
|
|a Список литературы: с. 271
|
| 606 |
1 |
|
|a Канализация
|x Санитарная техника
|2 stltpush
|3 (RuTPU)RU\TPU\subj\13690
|9 40263
|
| 610 |
1 |
|
|a схемы
|
| 610 |
1 |
|
|a системы
|
| 610 |
1 |
|
|a проектирование
|
| 610 |
1 |
|
|a сточные воды
|
| 610 |
1 |
|
|a материалы
|
| 610 |
1 |
|
|a устройство
|
| 610 |
1 |
|
|a перекачка
|
| 610 |
1 |
|
|a эксплуатация
|
| 610 |
1 |
|
|a учебные пособия
|
| 610 |
1 |
|
|a канализационные сети
|
| 610 |
1 |
|
|a гидравлический расчет
|
| 675 |
|
|
|a 628.2(075.8)
|v 4
|
| 700 |
|
1 |
|a Ботук
|b Б. О.
|g Борис Осипович
|
| 701 |
|
1 |
|a Фёдоров
|b Н. Ф.
|g Николай фёдорович
|
| 801 |
|
1 |
|a RU
|b 63413507
|c 20070530
|g PSBO
|
| 801 |
|
2 |
|a RU
|b 63413507
|c 20180215
|g PSBO
|
| 900 |
|
|
|a Инженерные системы водоснабжения и водоотведения
|
| 942 |
|
|
|c BK
|